| 000 | 00741nam a2200133Ia 4500 | ||
|---|---|---|---|
| 008 | 220615s9999||||xx |||||||||||||| ||und|| | ||
| 022 | _a0302-9743 / 1611-3349 | ||
| 100 | _aDirk Börner||Peter van Rosmalen||Jan Schneider||Marcus Specht | ||
| 245 | 0 | _aChapter: 'Enhancing Public Speaking Skills - An Evaluation of the Presentation Trainer in the Wild' from book: Adaptive and Adaptable Learning: 11th European Conference on Technology Enhanced Learning, EC-TEL 2016, Lyon, France, September 13-16, 2016, Proceedings | |
| 546 | _aEnglish[eng] | ||
| 650 | _alearning support||application||multimodal learning||public speaking||sensor-based learning | ||
| 856 | _uhttps://link.springer.com/chapter/10.1007/978-3-319-45153-4_20 | ||
| 942 | _cEB | ||
| 999 |
_c15734 _d15734 |
||